Высокий долг: стихи

Podrobná bibliografie
Další autoři: Гребнев А. Анатолий (составитель), Вохмин А. Александр
Shrnutí:В суперобложке.
Стихи русских советских поэтов о чекистах. Авт.: В. Маяковский, А. Прокофьев, В. Луговской, А. Безыменский, В. Саянов, Н. Асеев, Д. Алтаузен, А. Жаров, М. Светлов, П. Железнов и др.
Jazyk:ruština
Vydáno: Пермь, Пермское книжное издательство, 1986
Témata:
Médium: MixedMaterials Kniha
KOHA link:https://koha.lib.tpu.ru/cgi-bin/koha/opac-detail.pl?biblionumber=233798

MARC

LEADER 00000nam0a2200000 4500
001 233798
005 20231031203634.0
010 |b 10000 экз. 
035 |a (RuTPU)RU\TPU\book\254879 
090 |a 233798 
100 |a 20130312d1986 m y0rusy50 ca 
101 0 |a rus 
102 |a RU 
105 |a ac z 000gy 
200 1 |a Высокий долг  |e стихи  |f сост. А. Гребнев ; худож. А. Вохмин 
210 |a Пермь  |c Пермское книжное издательство  |d 1986 
215 |a 84 с.  |c ил., портр.  |d 10 см. 
300 |a В суперобложке. 
330 |a Стихи русских советских поэтов о чекистах. Авт.: В. Маяковский, А. Прокофьев, В. Луговской, А. Безыменский, В. Саянов, Н. Асеев, Д. Алтаузен, А. Жаров, М. Светлов, П. Железнов и др. 
610 1 |a советская литература 
610 1 |a поэзия 
610 1 |a стихи 
610 1 |a миниатюрные издания 
686 |a Ч611.68  |v LBC/SL-A  |2 rubbk 
702 1 |a Гребнев  |b А.   |g Анатолий  |4 220 
702 1 |a Вохмин  |b А.   |g Александр  |4 130 
801 1 |a RU  |b 63413507  |c 20130312 
801 2 |a RU  |b 63413507  |c 20180228  |g RCR 
942 |c BK